Vrai ou Faux - Michael Jackson - Statistiques

Statistiques générales
  • Ce quiz a été pris 506 fois
  • Le résultat moyen est 7 sur 10
Statistiques - réponses
Question Réponse % Correct
Michael Jackson est l'ainé d'une famille de 10 enfants. Faux
92%
Michael Jackson interprète le rôle de l'épouvantail dans le film "The Wiz" sorti en 1978. Vrai
87%
Michael Jackson a sorti un titre avec un membre des Beatles. Vrai
83%
Dans le moyen métrage "Ghosts", sorti en 1996, le rôle du maire est interprété par Tom Cruise. Faux
78%
Un des surnoms de Michael Jackson était "The Golden Boy". Faux
73%
Michael Jackson est né le 29 août 1958 à Los Angeles en Californie. Faux
68%
Michael Jackson possède deux étoiles sur le Hollywood Walk of Fame. Vrai
66%
Le clip "Smooth Criminal" est présent dans le film "Dirty Dancing" sorti en 1987. Faux
65%
La première tournée mondiale en solo de Michael Jackson s'intitule "Bad World Tour" Vrai
56%
Michael Jackson s'inspirait beaucoup des pas de danse d'Elvis Presley. Faux
50%
Aucun quiz correspondant
Distribution des résultats
% des personnes avec chaque résultat
Percentile par nombre de réponses
Votre historique - résultats
Vous n’avez pas pris ce quiz